Livres - Le Labyrinthe - Statistiques

Statistiques générales
  • Ce quiz a été pris 269 fois
    216 depuis la dernière actualisation
  • Le résultat moyen est 5 sur 8
Statistiques - réponses
Année de parution Tome Titre original % Correct
2012 1 L'Épreuve: Le Labyrinthe
97%
2013 2 L'Épreuve: La Terre brûlée
90%
2014 3 L'Épreuve: Le Remède mortel
90%
2017 Préquelle 2 Avant Le Labyrinthe: La Braise
67%
2021 Après Le Labyrinthe Le Labyrinthe: Le destin de Newt
59%
2015 Préquelle 1 Avant Le Labyrinthe: L'Ordre de tuer
54%
2021 (septembre) Après le Labyrinthe Le Labyrinthe: Le rivage des survivants
43%
2011 Flashback/Préquelle L'Épreuve: Le Rêve de Thomas
14%
Aucun quiz correspondant
Distribution des résultats
% des personnes avec chaque résultat
Percentile par nombre de réponses
Votre historique - résultats
Vous n’avez pas pris ce quiz depuis la dernière actualisation